000 00577nam a2200205Ia 4500
005 20250923144338.0
008 008 250917s9999 xx 000 0 eng d
037 _aTextual
040 _aDSWL
_beng
_cDSWL
041 _aeng
_2eng
084 _aYX,Zf4;7.3'N4w, H6
_qDSWL
100 _aFraser, Ian
_9823904
245 0 _aWhereas I was blind
_cby Ian Fraser
260 _aLondon
_bHodderand Stoughton
_c1946
300 _a169 p.
365 _aINR
_b8.6
925 _g8.6
942 _cTEXL
_hYX,Zf4;7.3'N4w, H6
999 _c1437707
_d1437707